Click to translate Indonesian - Statistics

General Stats
  • This quiz has been taken 171 times
  • The average score is 14 of 15
Answer Stats
Hint Answer % Correct
England inggris
96%
yes ya
95%
language bahasa
93%
mother ibu
93%
five lima
92%
science sains
92%
no tidak
92%
love cinta
91%
boat kapal
91%
person orang
91%
friend teman
90%
fish ikan
89%
road jalan
89%
and dan
85%
fried goreng
82%
No matching quizzes found
Score Distribution
Percent of People with Each Score
Percentile by Number Answered
Your Score History
You have not taken this quiz